书目信息 |
| 题名: |
幼儿英语分级阅读
|
|
| 作者: | 李琦 编著 ;王鸽 绘 | |
| 分册: | ||
| 出版信息: | 北京 中国纺织出版社 2018.10 |
|
| 页数: | 131页 | |
| 开本: | 26cm | |
| 丛书名: | ||
| 单 册: | ||
| 中图分类: | G613.2 | |
| 科图分类: | ||
| 主题词: | 英语--ying yu--阅读教学--学前教育--教学参考资料 | |
| 电子资源: | ||
| ISBN: | 978-7-5180-5008-6 | |
| 000 | 00844nam0 2200241 450 | |
| 001 | 0109110130 | |
| 005 | 20201109110336.0 | |
| 010 | @a978-7-5180-5008-6@dCNY68.00 | |
| 100 | @a20190109d2018 bemy0chiy50 ea | |
| 101 | 0 | @achi@aeng |
| 102 | @aCN@b110000 | |
| 105 | @aa z 000yy | |
| 106 | @ar | |
| 200 | 1 | @a幼儿英语分级阅读@Ayou er ying yu fen ji yue du@f李琦编著@g王鸽绘 |
| 210 | @a北京@c中国纺织出版社@d2018.10 | |
| 215 | @a131页@c彩图@d26cm | |
| 330 | @a本书里每个主题都有阅读指导内容,包括学习目标、关键词汇、常用句型等,全情景式阅读,让生活与英语学习无缝对接,有助于提升孩子认知力、观察力和逻辑思维能力等。 | |
| 606 | 0 | @a英语@Aying yu@x阅读教学@x学前教育@j教学参考资料 |
| 690 | @aG613.2@v5 | |
| 701 | 0 | @a李琦@Ali qi@4编著 |
| 702 | 0 | @a王鸽@Awang ge@4绘 |
| 801 | 0 | @aCN@bBJSZM@c20201103 |
| 905 | @b1267748-9@dG613.2@e1384@f2 | |
| 幼儿英语分级阅读/李琦编著/王鸽绘.-北京:中国纺织出版社,2018.10 |
| 131页:彩图;26cm |
| ISBN 978-7-5180-5008-6:CNY68.00 |
| 本书里每个主题都有阅读指导内容,包括学习目标、关键词汇、常用句型等,全情景式阅读,让生活与英语学习无缝对接,有助于提升孩子认知力、观察力和逻辑思维能力等。 |
| ● |
| 相关链接 |
|
|
|
|
正题名:幼儿英语分级阅读
索取号:G613.2/1384
 
预约/预借
| 序号 | 登录号 | 条形码 | 馆藏地/架位号 | 状态 | 备注 |
| 1 | 1267748 | 212677487 | 第一样本阅览室/ [索取号:G613.2/1384] | 在馆 | |
| 2 | 1267749 | 212677496 | 第四借阅区/ [索取号:G613.2/1384] | 在馆 |